Statistieken voor Italiaanse steden met kaart

Klik hier om de quiz te nemen!

Algemene statistieken

  • Deze quiz is 2.857 keer genomen
  • De gemiddelde score is 9 van 15

Antwoorden op de kaart

Antwoorden kleurgecodeerd door een groen-rode schaal op de quizkaart volgens % correct hieronder.
 

Antwoordstatistieken

Antwoord% Correct
Rome
91%
Napels
76%
Venetië
76%
Milaan
74%
Turijn
67%
Palermo
66%
Pisa
60%
Genua
58%
Firenze
52%
Trieste
50%
Cagliari
49%
Verona
47%
Bari
45%
Reggio Calabria
36%
Pescara
32%

Scoreverdeling

Percentiel versus Aantal Correcte Antwoorden

Procent van Mensen met Elke Score

Uw Scoregeschiedenis

U heeft deze quiz nog niet genomen